La casa ecológica (Registro nro. 12605)
[ vista simple ]
| 000 -Cabecera | |
|---|---|
| Campo de control de longitud fija | 00602nam a22002297a 4500 |
| 005 - Fecha y hora de la última transacción | |
| Campo de control | 20240520183604.0 |
| 008 - Elementos de longitud fija--Información general | |
| Campo de control de longitud fija | 200305b2002 xxu||||| |||| 00| 0 spa d |
| 020 ## - International Standard Book Number | |
| Número Internacional Estándar del Libro (ISBN) | 9701820223 |
| 041 ## - Idioma | |
| Código de idioma | Español |
| 082 ## - Clasificación Decimal Dewey | |
| Número de clasificación | 720.47 C168c |
| 100 ## - Entrada principal--Autor personal | |
| Nombre personal | Calvillo Unna, Jorge |
| 9 (RLIN) | 57616 |
| 245 ## - Título propiamente dicho | |
| Título | La casa ecológica |
| 260 ## - Pie de imprenta | |
| Lugar de publicación, distribución, etc. | México |
| 260 ## - Pie de imprenta | |
| Nombre del editor, distribuidor, etc. | Tercer Milenio |
| 260 ## - Pie de imprenta | |
| Fecha de publicación, distribución, etc. | 2002 |
| 300 ## - Descripción física | |
| Extensión | 63 páginas |
| 650 ## - Materia general | |
| Temática (materia general) | VIVIENDAS ECOLÓGICAS |
| 650 ## - Materia general | |
| Temática (materia general) | MATERIALES DE CONSTRUCCIÓN ECOLÓGICOS |
| 650 ## - Materia general | |
| Temática (materia general) | CONSERVACIÓN DE ENERGÍA |
| 650 ## - Materia general | |
| Temática (materia general) | ARQUITECTURA Y MEDIO AMBIENTE |
| 942 ## - Punto de acceso adicional KOHA | |
| Tipo de ítem KOHA | Libro |
| Fuente del sistema de clasificación o colocación | Dewey Decimal Classification |
| Signatura completa | Código de barras | Tipo de ítem |
|---|---|---|
| 720.47 C168c | 16859 | Libro |